St. Petersburg Subway Stations with a Map - Statistics

General Stats
  • This quiz has been taken 68 times
  • The average score is 57 of 72
Answers on the Map
Answers color-coded by a green-red scale on the quiz's map according to % correct below.
 
Answer Stats
Line Metro station % Correct
Frunzensko-Primorskaya (purple) Admiralteyskaya
91%
Nevsko-Vasileostrovskaya (green) Begovaya
91%
Moskovsko-Petrogradskaya (blue) Nevskiy Prospekt
91%
Frunzensko-Primorskaya (purple) Sportivnaya
89%
Moskovsko-Petrogradskaya (blue) Kupchino
86%
Moskovsko-Petrogradskaya (blue) Moskovskaya
86%
Moskovsko-Petrogradskaya (blue) Parnas
86%
Frunzensko-Primorskaya (purple) Staraya Derevnya
86%
Kirovsko-Vyborgskaya (red) Avtovo
84%
Moskovsko-Petrogradskaya (blue) Frunzenskaya
84%
Kirovsko-Vyborgskaya (red) Lesnaya
84%
Kirovsko-Vyborgskaya (red) Ploschad’ Vosstaniya
84%
Kirovsko-Vyborgskaya (red) Tekhnologicheskiy Institut 1
84%
Moskovsko-Petrogradskaya (blue) Tekhnologicheskiy Institut 2
84%
Nevsko-Vasileostrovskaya (green) Vasileostrovskaya
84%
Nevsko-Vasileostrovskaya (green) Zenit
84%
Frunzensko-Primorskaya (purple) Chkalovskaya
82%
Moskovsko-Petrogradskaya (blue) Chyornaya Rechka
82%
Kirovsko-Vyborgskaya (red) Devyatkino
82%
Lakhtinsko-Pravoberezhnaya (orange) Dostoyevskaya
82%
Moskovsko-Petrogradskaya (blue) Elektrosila
82%
Frunzensko-Primorskaya (purple) Krestovskiy Ostrov
82%
Lakhtinsko-Pravoberezhnaya (orange) Ladozhskaya
82%
Moskovsko-Petrogradskaya (blue) Moskovskiye Vorota
82%
Nevsko-Vasileostrovskaya (green) Obukhovo
82%
Moskovsko-Petrogradskaya (blue) Park Pobedy
82%
Kirovsko-Vyborgskaya (red) Ploschad’ Lenina
82%
Nevsko-Vasileostrovskaya (green) Primorskaya
82%
Kirovsko-Vyborgskaya (red) Pushkinskaya
82%
Moskovsko-Petrogradskaya (blue) Sennaya Ploschad’
82%
Lakhtinsko-Pravoberezhnaya (orange) Spasskaya
82%
Kirovsko-Vyborgskaya (red) Chernyshevskaya
80%
Moskovsko-Petrogradskaya (blue) Gor’kovskaya
80%
Frunzensko-Primorskaya (purple) Komendantskiy Prospekt
80%
Lakhtinsko-Pravoberezhnaya (orange) Ligovskiy Prospekt
80%
Nevsko-Vasileostrovskaya (green) Mayakovskaya
80%
Kirovsko-Vyborgskaya (red) Narvskaya
80%
Moskovsko-Petrogradskaya (blue) Petrogradskaya
80%
Nevsko-Vasileostrovskaya (green) Ploschad’ Aleksandra Nevskogo 1
80%
Lakhtinsko-Pravoberezhnaya (orange) Ploschad’ Aleksandra Nevskogo 2
80%
Kirovsko-Vyborgskaya (red) Ploschad’ Muzhestva
80%
Kirovsko-Vyborgskaya (red) Prospekt Veteranov
80%
Moskovsko-Petrogradskaya (blue) Udel’naya
80%
Frunzensko-Primorskaya (purple) Zvenigorodskaya
80%
Kirovsko-Vyborgskaya (red) Baltiyskaya
77%
Kirovsko-Vyborgskaya (red) Grazhdanskiy Prospekt
77%
Kirovsko-Vyborgskaya (red) Kirovskiy Zavod
77%
Nevsko-Vasileostrovskaya (green) Lomonosovskaya
77%
Lakhtinsko-Pravoberezhnaya (orange) Novocherkasskaya
77%
Frunzensko-Primorskaya (purple) Obvodny Kanal
77%
Moskovsko-Petrogradskaya (blue) Ozerki
77%
Moskovsko-Petrogradskaya (blue) Pionerskaya
77%
Frunzensko-Primorskaya (purple) Sadovaya
77%
Frunzensko-Primorskaya (purple) Shushary
77%
Lakhtinsko-Pravoberezhnaya (orange) Ulitsa Dybenko
77%
Kirovsko-Vyborgskaya (red) Vyborgskaya
77%
Nevsko-Vasileostrovskaya (green) Yelizarovskaya
77%
Moskovsko-Petrogradskaya (blue) Zvyozdnaya
77%
Kirovsko-Vyborgskaya (red) Akademicheskaya
75%
Frunzensko-Primorskaya (purple) Bukharestskaya
75%
Frunzensko-Primorskaya (purple) Dunayskaya
75%
Nevsko-Vasileostrovskaya (green) Gostiny Dvor
75%
Kirovsko-Vyborgskaya (red) Leninskiy Prospekt
75%
Frunzensko-Primorskaya (purple) Mezhdunarodnaya
75%
Lakhtinsko-Pravoberezhnaya (orange) Prospekt Bol’shevikov
75%
Nevsko-Vasileostrovskaya (green) Rybatskoye
75%
Frunzensko-Primorskaya (purple) Prospekt Slavy
73%
Frunzensko-Primorskaya (purple) Volkovskaya
73%
Nevsko-Vasileostrovskaya (green) Proletarskaya
70%
Moskovsko-Petrogradskaya (blue) Prospekt Prosvescheniya
70%
Kirovsko-Vyborgskaya (red) Vladimirskaya
70%
Kirovsko-Vyborgskaya (red) Politekhnicheskaya
68%
No matching quizzes found
Score Distribution
Percent of People with Each Score
Percentile by Number Answered
Your Score History
You have not taken this quiz